[Event "Olympiad-41"]
[Site "Tromsoe"]
[Date "2014.08.14"]
[Round "11.1"]
[White "Mamedyarov, Shakhriyar"]
[Black "Nakamura, Hikaru"]
[Result "1-0"]
[WhiteElo "2743"]
[BlackElo "2787"]
[Annotator "Marin,M"]
[PlyCount "81"]
[EventDate "2014.08.02"]
[EventType "team-swiss"]
[EventRounds "11"]
[EventCountry "NOR"]
[SourceTitle "CBM 162"]
[Source "ChessBase"]
[SourceDate "2014.09.17"]
[SourceVersion "1"]
[SourceVersionDate "2014.09.17"]
[SourceQuality "1"]
[WhiteTeam "Azerbaijan"]
[BlackTeam "US of America"]
[WhiteTeamCountry "AZE"]
[BlackTeamCountry "USA"]

1. d4 d5 2. c4 c6 3. Nc3 dxc4 4. e3 b5 5. a4 b4 6. Ne4 Qd5 7. Nd2 c3 8. Ndf3 $5
{A rare move.} ({The usual continuation is} 8. bxc3) 8... Qa5 ({Now and in the
whole next phase of the game, Black refrains from} 8... cxb2 {, which would
make the extra pawn look more real, but at the same time allow White's rapid
development with} 9. Bxb2 {Over the board and against such an aggressive
player like Mamedjarov, it is not easy to embark on such a continuation. With
hindsight, it is easy to recommend precisely this continuation. But if
Nakamura had played like that and lost anyway, commentators may well have
criticised him for treating the issue of development so superficially. Only
further practice and analysis will show the best way to react.}) 9. Ne5 Nf6 10.
Ngf3 e6 11. Bd3 Ba6 12. bxc3 $1 {A good moment to relese the tension. After
castling, White will not have to worry about ...c3-c2+ anymore.} bxc3 13. O-O {
Black's extra pawn is rather vulnerable and, what's worse, he is well behind
in development.} Nbd7 {Black gives away the c6-pawn, hoping that after the
opening of the c-file the c3-pawn will become strong.} ({He must have
refrained from} 13... Be7 {on account of} 14. Ba3 {, when the natural} Bxa3 {
would actually lose a tempo. Once again, choosing between two evils is by no
means easy.}) 14. Nxc6 {Mamedjarov spent 12 minutes on this natural move.
Eventually, he must have realised that, far from having to give up anything in
exchange for the c6-pawn, he will manage to activate his position radically
over the next moves.} Qb6 15. Nfe5 Bb7 16. a5 Qc7 17. Qa4 Bd6 18. a6 Bxc6 19.
Qxc6 O-O $6 {After 20 minutes Nakamura enters an ending with very improbable
chances of saving it.} ({But there was no obvious way out of the trouble
anyway, for instance} 19... Rc8 $5 20. Qxc7 Bxc7 (20... Rxc7 {would help White
develop his initiative with} 21. Nc4 Be7 22. Na3 {with the threat of Nb5,
attacking the c3- and a7-pawns.}) 21. f4 {with such threats as Bb5 and Ba3.})
20. Qxc7 Bxc7 21. Nxd7 Nxd7 22. Ba3 Rfd8 (22... Rfc8 {would fail to secure the
c3-pawn after} 23. Be4 Rab8 24. Bb7 {followed by Rfc1.}) 23. Rfc1 e5 24. Be4
Rab8 25. Rxc3 Ba5 26. Rcc1 {Combined with the bishop pair and the queenside
space advantage, White's extra pawn ensures a decisive advantage, but there
might be technical problems along the way.} Bb4 {According to the engines this
makes things even worse, but anticipating a bit it looks like offering
reasonable chances to save the game.} 27. Bxb4 Rxb4 28. Rc7 {The start of a
forced manoeuvre, winning a piece.} exd4 29. Rxa7 ({With hindsight,} 29. exd4
Rxd4 30. f3 {inevitably followed by Rxa7 may be recommended as a more reliable
way to win.}) 29... dxe3 30. Rxd7 Rxd7 31. a7 exf2+ 32. Kxf2 Rxa7 33. Rxa7 g6 {
Despite the extra bishop, White still needs to prove he has a convincing
winning plan, especially since the colour of the h8-corner offers Black the
saving prospect of exchanging all his pawns for the g2-pawn and, of course,
the rooks. But with all the pawns on board, the rook exchange would generally
yield White an easy win.} 34. Ke3 Rb6 35. Bd5 Rf6 {By using the Chessbase
function "similar endings", I got a whole bunch of grandmaster games 
(including Kasparov-Shirov, Linares 2000, in which Black defended too badly to
show it here) ending with the same result: a win. But in almost all the games
Black made the same mistake (or at least inaccuracy) of principle as in this
one: weakening the g6-pawn by advancing his h-pawn. When quoting the game
below, I had to make 1-2 neutral moves to reach the exact position (with
different move numbering, of course). But this was not too painful, since most
strong players tend to place their pieces on the same squares. And what about
the evaluation? I believe the answer stays beyond human possibilities (and
even more of the computer's!) But I would use Bronstein's system: I feel that
White's chances to win are not worse than Black's to draw.} 36. g4 $6 {As
strange as it may be, space is not so important yet in this ending. The last
move has the drawback of weakening his own structure.} ({I would first try the
plan from the following game, aimed at provoking the advance of the f7-pawn in
order to weaken the king's defence. For this purpose it is important that the
centralised bishop defends the g-pawn.} 36. Kd4 Kg7 37. Rb7 h5 38. Ke5 Rf2 39.
Bf3 ({The typical intrusion} 39. Kd6 Rf6+ 40. Ke7 {does not offer anything due
to} Rf5 41. Bb3 Rf2 {But with different structures this will work, we will see
later.}) 39... Rd2 40. Ra7 Rb2 41. Rb7 Rd2 42. Bd5 Rf2 43. Ra7 Rf6 44. Ra3 $1 {
The pieces are in the right places and White prepares the rook's transfer to
the f-file. Black is not in time to reach the seventh rank with his rook.} Rf2
45. Kd6 Re2 (45... Rf6+ 46. Ke5 Rb6 47. Rf3 {[%csl Gb7] is similar.}) 46. Ra2
Re1 47. Rf2 f5 48. Bf3 Kf6 49. Re2 Rd1+ 50. Bd5 h4 51. Re6+ Kg7 $6 {I have
taken this as the main line because it occurred in the game where the whole
previous sequence was played.} (51... Kg5 {this is more stubborn.} 52. h3 Rd2
53. Kc5 Rc2+ 54. Kb4 $1 {The king gets out of the way in order to allow Bc6-e8.
} Rc7 {This is too passive, but Black seems to be helpless anyway.} (54... Rd2
55. Bc6 Kh6 {The only way to parry Be8.} 56. Kc3 Rf2 57. Kd4 $18) 55. Bc6 Rg7
56. Be8 Rg8 57. Kc5 Rg7 58. Kd6 Kh6 59. Ke5 Kg5 60. Kd6 Kh6 61. Re7 Rg8 62. Ke6
Rf8 63. Bf7 Kg7 64. Be8+ Kh6 65. Bd7 Kg5 66. Ke5 Ra8 67. Be8 Ra2 68. Re6 {
1-0 (93) Panczyk,K (2365)-Pokojowczyk,J (2390) Warsaw 1981 EXT 2003 [Marin,
Mihail]}) 52. h3 g5 (52... Rd2 53. Ke5 Re2+ 54. Kf4 Rd2 55. Bf3 Kh6 56. Ke5 Kg5
57. Bc6 $18) 53. Ke5 g4 54. hxg4 fxg4 55. Be4 (55. Re7+ Kh6 56. Be4) 55... h3
56. g3 Rg1 57. Kf4 Re1 58. Rg6+ Kf7 59. Rxg4 h2 60. Rh4 {1-0 (59) Kruppa,
Y-Kozlov Samarkand 1983}) ({Actually, against ...h7-h5 there is another plan,
similar to that from our main game.} 36. Bc4 h5 37. g3 Kg7 38. Rb7 Kf8 39. h3
Kg7 40. g4 hxg4 41. hxg4 Kf8 42. Rc7 Kg7 43. Ke4 g5 $1 {The only chance. White
won most of the games with this structure, but I did not find any really
relevant among them.} (43... Rf2 $2 44. g5 {Jussupow,A (2610)-Boensch,U (2558)
Bundesliga 0001 2000 (13.3) 1-0 leads to the same as in Mamedyarov-Nakamura)})
{A possible plan is} 44. Ke3 Rf4 45. Be2 Rf6 46. Rc5 Re6+ 47. Kf3 Kh6 48. Bd3
Re7 49. Rf5 Ra7 50. Ke3 Rb7 51. Kd4 {and White's attack looks promising.})
36... h6 {This offers White the posibility of winning the pawn ending after a
well timed sacrifice and general exchange on f7.} ({White's task would have at
least been more difficult after} 36... Kg7 37. h4 Kg8 38. g5 ({Once again, the
intrusion does not work:} 38. Ke4 Kg7 39. Ke5 Rf1 40. Kd6 Rf4 41. g5 Rf2 42.
Ke7 Rf5) 38... Rf5 39. Ke4 Kg7 {For instance, the attempt to exchange rooks
with} 40. Ra3 $2 {would lead to a rook and bishop versus rook ending after} h6
$1) 37. Ke4 Kg7 ({Black loses in very instructive way after} 37... g5 $5 {
True, the sacrifice on f7 does not work at all, but now finally the intrusion
is decisive!! The point is that the f5-square is defended by the g4-pawn and
the pawn itself is defended, too.} 38. h3 Kg7 39. Rb7 Rf4+ 40. Ke5 Rf1 41. Kd6
Kf8 (41... Rf2 42. Ke7 Re2+ 43. Kd8 Rf2 44. Ke8 Re2+ 45. Re7) 42. Rb8+ Kg7 {
and now in Plachetka,J (2445)-Danner,G (2412) Stary Smokovec 1981 EXT 1998 
(1-0, 91) the simplest would have been} 43. Rb3 Ra1 44. Rb7 Rf1 45. Ke7 {
as in the last subline.}) 38. h4 Rf1 39. Rb7 Rf2 (39... g5 $2 {does not work
at all:} 40. h5 Rf4+ 41. Ke5 Rxg4 42. Bxf7 {1-0 (51) Flohr,S-Bondarevsky,I
Moscow 1945 and the pawn ending is won with the white pawn on h5.}) 40. g5 $2 {
This should have led to an immediate draw. Instead, it won.} ({The most
dangerous plan is} 40. Ke5 Rf1 $2 (40... Re2+ 41. Kd6 Rf2 42. Bxf7 Rxf7 43.
Rxf7+ Kxf7 44. g5 {is curtains, since, unlike in the similar later line in the
game, the white king is far advanced already.}) ({The only defence is} 40...
Kf8 $3 {and I could not find a way to make progress.}) 41. Re7 $1 {This was
probably the sealed move, meaning Najdorf found it over the board! The rook
stands well on e7 for two reasons, illustrated by the game continuation and
the next comment.} (41. Kd6 {is premature.} Rf6+ 42. Ke7 Rf4) 41... Rf6 (41...
Kf8 42. Kd6 Rf6+ 43. Kd7 $1 {With the rook elsewhere on the seventh rank,
Black could play ...Rf4, but now this loses to the exchanges on f7.}) 42. Bxf7
Rf2 ({The point is:} 42... Rxf7 43. Ke6 $3 Rxe7+ 44. Kxe7 g5 45. h5) 43. Bd5+
Kh8 44. Be4 {Reshevsky,S-Najdorf,M Buenos Aires m 1953 (7) 0-1 with reversed
colours}) 40... hxg5 $2 {Heading straight for disaster.} ({Black should have
kept the h-pawns:} 40... Rf5 41. Be6 Rf1 42. Bc4 Rf5 $1 ({Allan Beardsworth
kindly tried to prove on his site that my initial evaluation in the daily
articles was true and that White would win anyway. The next move of his
analysis is not the best, but it allows White win in a very instructive way:} 
42... Rf2 $2 43. Ke3 Rf5 44. Bd3 Re5+ 45. Kd4 Re8 46. Bc4 Rf8 47. Bd5 Kg8 48.
Ke5 Kg7 49. Re7 {with complete domination and zugzwang.}) 43. Rxf7+ Rxf7 44.
Bxf7 Kxf7 45. Kd5 Ke7 46. Ke5 {and now the h-pawn saves Black with:} h5 $1 $11)
41. hxg5 (41. hxg5 {And in view of the simple line} Rf5 42. Rxf7+ Rxf7 43. Bxf7
Kxf7 44. Kd5 Ke7 45. Ke5 {Black resigned.}) 1-0